Lord of the Rings Multiple Choice - Statistics

General Stats
  • This quiz has been taken 91 times
    89 since last reset
  • The average score is 10 of 15
Answer Stats
Question Answer % Correct
What is the name of Aragorn's sword? Anduril
100%
Who said, "I will serve the master of the Precious." Gollum
95%
Where was The Prancing Pony? Bree
90%
Who said, "But if you wish to destroy the armed might of the Dark Lord, then it is folly to go without force into his domain; and folly to throw it away. it would to folly to throw lives away, I mean." Boromir
86%
Who was Thorin's father? Thrain
86%
Who is Aragorn's father? Arathorn II
76%
Who said "The Ring would give me the power of Command. how I would drive the hosts of mordor, and all men would flock to my banner!" Boromir
67%
Who said, "Fly! Fly! The enemy is upon us!" Glorfindel
62%
Lobelia Sackville-Baggins son Lotho
62%
Who is Aragorn's son? Eldarion
57%
Who said, "White! it serves as a beginning. White cloth may be dyed. the white page can be overwritten; and the white light can be broken." Saruman
52%
Who said, "Annon edhellen, edro hi ammen! Fennas nogothrim, lasto beth lammen!" Gandalf
43%
Who said, "Alas! I will not say that she is the fairest lady that lives." Eomer
38%
Who said, "It was like this: I saw a log with eyes!" Sam
24%
Who said, "I will tell you what I know, and give you some good advice - but I shall want a reward." Aragorn
19%
No matching quizzes found
Score Distribution
Percent of People with Each Score
Percentile by Number Answered
Your Score History
You have not taken this quiz since the last reset